000 00671nam a2200217Ia 4500
003 GCL
008 140319s9999 xx 000 0 ara d
040 _aGCL /
_cGCL
082 0 4 _a910.1301
_bع ف
100 1 _aعبدالفتاح محمد وهيبة
245 1 0 _aفى جغرافية العمران /
_cعبدالفتاح محمد وهيبة
260 _a[S.N] :
_bدار النهضة العربية ،
_c1980
300 _a387 ص
490 _a
650 0 4 _aالجغرافيا الطبيعية
650 0 4 _aامريكا الجنوبية
650 0 4 _aتخطيط المدن
650 0 4 _aالمدن والقرى
650 0 4 _aاوربا
942 _2ddc
_cBK
999 _c37419
_d37419